01388 2200193 4500001002100000005001500021008004100036035002000077082000800097084001400105100002100119245003300140250000600173260004300179300001200222520093800234650001001172990001201182INLIS00000000000127220240521015520240521 1 ind  a0010-0524000507 a813 a813 SYA p aMuhammad, Syahid1 aParadigma /cSyahid Muhammad a1 aYogyakarta :bGradien Mediatama,c2018 a316 hlm aKita adalah benang-benang pesan yang kusut tafsiran. Sekali terurai, malaikat dan setan ikut terselubung. Menjadi pengacau akal dan kelakar. Di antara kuasa-Nya, kita hanya percikan kicauan, memohon peran untuk perang, yang berdoa dalam dosa. PARADIGMA merupakan novel tunggal ke-2 Syahid Muhammad lanjutan dari novel pertamanya EGOSENTRIS. Sebelumnya, ia juga sukses di novel KALA& AMOR FATI duet dengan Steffani Bella. Seperti halnya novel EGOSENTRIS, PARADIGMA menjadi novel yang bisa menjadi representase kehidupan sehari-hari remaja saat ini mulai dari persahabatan, cinta, keluarga, hingga fenomena saat ini yang dianggap sepele kebanyakan orang namun berdampak besar bagi kesehatan mentalnya. Dirangkum dalam satu alur cerita yang sulit ditebak. Bisa menjadi buku pilihan menarik yang bisa memberikan oase menyehatkan untuk melihat kembali sisi-sisi kemanusiaan kita di tengah hiruk pikuk kehidupan sosial masyarakat saat ini. 4aFiksi a0744144